Global villa design /

This book collects high quality luxury villas and presents almost forty stunning interiors. All of the projects included are the latest works of the world's best architects and designers. Using hundreds of sublime photographs and engaging texts, Villa Design Ideas illustrates how a luxury villa...

Full description

Bibliographic Details
Other Authors: Li, Aihong (Editor) (Editor)
Format: Book
Language:English
Published: Hong Kong : Artpower, [2017?]
Subjects:

MARC

Tag First Indicator Second Indicator Subfields
LEADER 00000cam a2200000 i 4500
001 in00004004513
005 20190718162540.0
008 161216s2017 cc a 000 0 eng d
020 |a 9789881468802  |q hardcover 
020 |a 9881468809  |q hardcover 
035 |a (OCoLC)on1080526165 
040 |a NZAUC  |e rda  |c NZAUC  |d COO  |d YDX  |d TXA  |d UtOrBLW 
049 |a TXAM 
082 0 |a 328.37  |2 23 
090 |a NA7126  |b .V55 2017 
245 0 0 |a Global villa design /  |c [chief editor, Li Aihong]. 
264 1 |a Hong Kong :  |b Artpower,  |c [2017?] 
300 |a 307 pages :  |b color illustrations, plans ;  |c 30 cm. 
336 |a text  |b txt  |2 rdacontent 
336 |a still image  |b sti  |2 rdacontent 
337 |a unmediated  |b n  |2 rdamedia 
338 |a volume  |b nc  |2 rdacarrier 
520 |a This book collects high quality luxury villas and presents almost forty stunning interiors. All of the projects included are the latest works of the world's best architects and designers. Using hundreds of sublime photographs and engaging texts, Villa Design Ideas illustrates how a luxury villa is designed and completed, and will provide inspiration to a great number of design enthusiasts. 
650 0 |a Architecture, Domestic  |v Pictorial works. 
650 0 |a Interior architecture  |v Pictorial works. 
650 0 |a Interior decoration  |v Pictorial works. 
650 0 |a Architect-designed houses.  |0 http://id.loc.gov/authorities/subjects/sh85006564 
700 1 |a Li, Aihong  |c (Editor),  |e editor.  |0 http://id.loc.gov/authorities/names/nb2013027863 
945 |a PromptCat 
948 |a cataloged  |b h  |c 2019/3/18  |d c  |e dmitchel  |f 3:10:20 pm 
994 |a C0  |b TXA 
999 f f |s 259f9d71-2bc2-350a-a273-ec6f4c23aa4a  |i c1915211-534d-3341-ab1e-899f47354774  |t 0 
952 f f |p normal  |a Texas A&M University  |b College Station  |c Sterling C. Evans Library  |d Evans: Library Stacks  |t 0  |e NA7126 .V55 2017  |h Library of Congress classification  |i unmediated -- volume  |m A14850738304 
998 f f |a NA7126 .V55 2017  |t 0  |l Evans: Library Stacks